Monumenti di Roma - Statistics

Statistiche generali
  • Questo quiz è stato fatto 341 volte
  • Il punteggio medio è 9 su 15
Statistiche sulle risposte
con Immagini Risposta % Corretto
Fontana di Trevi
98%
Pantheon
93%
Piazza di Spagna
86%
San Pietro
79%
Castel Sant'Angelo
78%
Anfiteatro Flavio
77%
Piazza Navona
77%
Altare della Patria
70%
Ara Pacis
65%
Fori Imperiali
58%
Roma Termini
44%
San Giovanni in Laterano
25%
Piazza della Repubblica
20%
Piazza Cavour
19%
Palazzo Farnese
16%
Nessun quiz corrispondente trovato
Distribuzione punteggi
Percentuale di utenti per punteggio
Percentile per numero di risposta
I tuoi punteggi nel tempo
Non hai fatto questo quiz